00645nam a2200181 450000500170000001000150001702000270003203500140005903700090007308200120008224501340009425000080022826000360023627001010027230000240037370000380039770000280043520250502102906.0 aENG-144543 a9788192352015c1195.00 aEN-128075 bDBAD a025.527 aIct Application in Library & Information Centers:bIssues and challenges/cEdited By Kishor Chandra Satpathy {and] R.Ramachandran a1st aJaipurbS.K.Jain and Sonsc2012 a721, Khanajchi Sadan, Bordi ka Rasta ,Kishanpole Bazar bJaipure302003k0141-2329455,9414054081 axv,263p.c23cm(hbk) aSatpathy, Kishor Chandra eEditor aRamachandran, ReEditor